|
|
|
|
| LEADER |
00000ny a22000003n 4500 |
| 005 |
20110523102128.0 |
| 008 |
060223s2006 sp s 000 0 spa c |
| 017 |
|
|
|a D.L.M5527-06
|
| 020 |
|
|
|a 8497725328
|
| 035 |
|
|
|a 1384
|
| 040 |
|
|
|a Mpons
|d UMA.RE
|d vLex
|
| 080 |
|
|
|a 347.65(460)
|
| 090 |
|
|
|c 137
|d 137
|
| 100 |
1 |
|
|a Fernǹdez Gonzl̀ez Regueral, Mara̕ aÌ‚Angeles
|
| 245 |
1 |
4 |
|a Los derechos sucesorios del cn̤yuge viudo en la nulidad, la separacin̤ y el divorcio
|h [Recurso electrn̤ico]
|c Mara̕ ℓngeles Fernandez Gonzl̀ez-Regueral
|
| 256 |
|
|
|a Servicio en ln̕ea
|
| 260 |
|
|
|a Madrid :
|b Dykinson,
|c D.L. 2006
|
| 300 |
|
|
|a 275 p. ;
|c 24 cm
|
| 506 |
1 |
|
|a Contenido solo disponible en los productos indicados
|d vLex Global
|d vLex Global (Academic Edition, excluding Law Schools)
|d vLex Global (U.S. Academic Edition, Law Schools)
|d vLex Global (U.S. Academic Edition, excluding Law Schools)
|d vLex Global (Academic Edition, Law Schools)
|
| 650 |
0 |
7 |
|a Cn̤yuge superstite
|2 Tesauro vLex
|
| 650 |
0 |
7 |
|a Sucesorio
|2 Tesauro vLex
|
| 650 |
0 |
7 |
|a Herederos
|2 Tesauro vLex
|
| 650 |
0 |
7 |
|a Derecho sucesorio
|2 Tesauro vLex
|
| 650 |
0 |
7 |
|a Viudos
|2 Tesauro vLex
|
| 650 |
0 |
7 |
|a Sucesin̤ del cn̤yuge viudo
|2 Tesauro vLex
|
| 650 |
0 |
7 |
|a Legitima del cn̤yuge viudo
|2 Tesauro vLex
|
| 650 |
0 |
7 |
|a Nulidad del matrimonio civil
|2 Tesauro vLex
|
| 650 |
0 |
7 |
|a Separacin̤ matrimonial
|2 Tesauro vLex
|
| 650 |
0 |
7 |
|a Divorcio
|2 Tesauro vLex
|
| 740 |
0 |
|
|a vLex Libros (Servicios en ln̕ea)
|
| 856 |
4 |
0 |
|u http://vlex.com/source/1384
|z Acceso restringido
|
| 942 |
|
|
|c BOOK
|
| 999 |
0 |
|
|a Inheritance and succession
|b Spain
|